01677nam a2200361 a 4500001001200000003000800012006001900020007001500039008004100054020002500095020002900120020002700149040002100176035002100197050002400218245018600242260004200428300004000470490006100510504005100571505017300622533015200795650002900947650002900976655002901005700002801034700002001062700001901082710001701101830005401118856012601172999001701298ebr10605497CaPaEBRm u cr cn|||||||||130105s2012 ne ab sb 001 0 eng d z9789460918926 (pbk.) z9789460918933 (hardback) z9789460918940 (e-book) aCaPaEBRcCaPaEBR a(OCoLC)81177234714aLC1099b.P74 2012eb00aPrecarious international multicultural educationh[electronic resource] :bhegemony, dissent and rising alternatives /cedited by Handel Kashope Wright, Michael Singh, Richard Race. aRotterdam :bSense Publishers,c2012. axii, 376 p. :bcol. ill., col. map.1 aTransgressions : cultural studies and education ;vv. 84 aIncludes bibliographical references and index.0 apt. I. Precarious multiculturalism -- pt. II. Difference and representation in multicultural education -- pt. III. Stretching multiculturalism : including alternatives. aElectronic reproduction.bPalo Alto, Calif. :cebrary,d2013.nAvailable via World Wide Web.nAccess may be limited to ebrary affiliated libraries. 0aMulticultural education. 0aInternational education. 7aElectronic books.2local1 aWright, Handel Kashope.1 aSingh, Michael.1 aRace, Richard.2 aebrary, Inc. 0aTransgressions (Rotterdam, Netherlands) ;vv. 84.40uhttp://site.ebrary.com/lib/rucke/Doc?id=10605497zAn electronic book accessible through the World Wide Web; click to view c97242d97242